Личностный фактор в системе инженерного образования; Инженерное образование; № 3
| Parent link: | Инженерное образование: электронный научный журнал/ Ассоциация инженерного образования России (АИОР).— : [Б. и.], 2003-.— 1810-2883 № 3.— 2005.— [С. 152-157] |
|---|---|
| Hlavní autor: | |
| Shrnutí: | Заглавие с титульного листа The paper shows the necessity to enhance the educational process in the course of implementing new technologies which take into account the personal factor and requirements to the future professional activity. |
| Jazyk: | ruština |
| Vydáno: |
2005
|
| Edice: | Качество образовательных программ и образовательных технологий |
| Témata: | |
| On-line přístup: | https://old.aeer.ru/files/io/m3/art_21.pdf |
| Médium: | Elektronický zdroj Kapitola |
| KOHA link: | https://koha.lib.tpu.ru/cgi-bin/koha/opac-detail.pl?biblionumber=506584 |
MARC
| LEADER | 00000naa2a2200000 4500 | ||
|---|---|---|---|
| 001 | 506584 | ||
| 005 | 20250520134648.0 | ||
| 035 | |a (RuTPU)RU\TPU\prd\177548 | ||
| 035 | |a RU\TPU\prd\177496 | ||
| 090 | |a 506584 | ||
| 100 | |a 20130515d2005 k y0rusy50 ca | ||
| 101 | 0 | |a rus | |
| 102 | |a RU | ||
| 135 | |a drnn ---uucaa | ||
| 181 | 0 | |a i | |
| 182 | 0 | |a b | |
| 200 | 1 | |a Личностный фактор в системе инженерного образования |b Электронный ресурс |f В. А. Сальников | |
| 203 | |a Текст |c электронный | ||
| 215 | |a 1 файл (225 Кб) | ||
| 225 | 1 | |a Качество образовательных программ и образовательных технологий | |
| 230 | |a Электронные текстовые данные (1 файл : 225 Кб) | ||
| 300 | |a Заглавие с титульного листа | ||
| 320 | |a [Библиогр.: с. 157 (12 назв.)] | ||
| 330 | |a The paper shows the necessity to enhance the educational process in the course of implementing new technologies which take into account the personal factor and requirements to the future professional activity. | ||
| 337 | |a Adobe Reader | ||
| 461 | 1 | |0 (RuTPU)RU\TPU\prd\176632 |x 1810-2883 |t Инженерное образование |o электронный научный журнал |f Ассоциация инженерного образования России (АИОР) |n [Б. и.] |d 2003- | |
| 463 | 1 | |0 (RuTPU)RU\TPU\prd\177282 |t № 3 |v [С. 152-157] |d 2005 | |
| 610 | 1 | |a инженерное образование | |
| 610 | 1 | |a системы | |
| 610 | 1 | |a личностные факторы | |
| 610 | 1 | |a учебный процесс | |
| 610 | 1 | |a совершенствование | |
| 610 | 1 | |a образовательные технологии | |
| 610 | 1 | |a новые технологии | |
| 610 | 1 | |a внедрение | |
| 610 | 1 | |a образование | |
| 610 | 1 | |a электронный ресурс | |
| 610 | 1 | |a качество | |
| 700 | 1 | |a Сальников |b В. А. |g Виктор Александрович | |
| 801 | 1 | |a RU |b 63413507 |c 20090623 |g PSBO | |
| 801 | 2 | |a RU |b 63413507 |c 20160226 |g PSBO | |
| 856 | 4 | |u https://old.aeer.ru/files/io/m3/art_21.pdf | |
| 942 | |c BK | ||